000 00528nam a22001697a 4500
003 MACL
005 20160527144444.0
008 160527b xxu||||| |||| 00| 0 eng d
040 _cMACL
041 _aHindi
082 _a891.433 JAF
100 _aजफा, मनोरमा
_960215
245 _aराधिका मोहन
_cमनोरमा जफा
260 _aनई दिल्‍ली
_bडॉल्फिन बुक्‍स
_c2011
650 _aउपन्‍यास
_960216
942 _2ddc
_cHIN
999 _c54124
_d54124